[Event "UKR-chT Clubs"]
[Site "Alushta"]
[Date "2011.05.19"]
[Round "7.5"]
[White "Chos, Alexey"]
[Black "Smolin, Dmytro"]
[Result "1-0"]
[WhiteElo "2302"]
[BlackElo "2097"]
[PlyCount "85"]
[EventDate "2011.05.13"]
[EventType "team-tourn"]
[EventRounds "9"]
[EventCountry "UKR"]
[SourceTitle "CBM 142 Extra"]
[Source "ChessBase"]
[SourceDate "2011.06.27"]
[SourceVersion "1"]
[SourceVersionDate "2011.06.27"]
[SourceQuality "1"]
[WhiteTeam "Crimea Gaz"]
[BlackTeam "Nikopol Nika-NZF"]
[WhiteTeamCountry "UKR"]
[BlackTeamCountry "UKR"]

1. e4 e6 2. d4 d5 3. Nc3 Bb4 4. e5 c5 5. a3 Bxc3+ 6. bxc3 Ne7 7. Qg4 Nbc6 8. Qxg7 Rg8 9. Qxh7 cxd4 10. f4 Qc7 11. Ne2 dxc3 12. h4 Bd7 13. Rh3 0-0-0 14. Rxc3 Nf5 15. Qxf7 Rdf8 16. Qh5 d4 17. Rh3 Nce7 18. Bb2 Bc6 19. Nxd4 Nxd4 20. Bxd4 Rxf4 21. 0-0-0 Nf5 22. Bb2 Rf2 23. Rc3 Ne3 24. Qh6 Rgf8 25. Qxe3 Rxf1 26. Qxa7 Rxd1+ 27. Kxd1 Rf1+ 28. Kd2 Qf7 29. Rxc6+ bxc6 30. Qxf7 Rxf7 31. Ke3 Kd7 32. g4 Rf1 33. h5 Ke7 34. Bd4 Kf7 35. a4 Re1+ 36. Kd3 Rd1+ 37. Kc4 Rd2 38. Kc3 Rg2 39. a5 Rxg4 40. a6 Ke7 41. a7 Rg8 42. Bc5+ Kd7 43. Bd6 1-0